| 000 | 00721cab a2200241 4500 | ||
|---|---|---|---|
| 001 | WB3331-06 | ||
| 008 | 090401t1997 xxu||||| |||| 00| 0 eng d | ||
| 035 | _a(Sirsi) u80084 | ||
| 041 | _aeng | ||
| 245 | _aFit for work, rest and play | ||
| 260 | _c1997 | ||
| 350 | _a0 | ||
| 490 |
_aSunday Times _v3 August 1997, 5.11(1) |
||
| 520 | _aExamines the growing demand for property which can double as a home and office and discusses how developers are trying to compliment this demand. | ||
| 650 | _aDUAL-USE PROPERTY | ||
| 650 | _aLIVE/WORK CONCEPT | ||
| 650 | _aMIXED USE | ||
| 650 | _aOFFICES | ||
| 650 | _aWORKING FROM HOME | ||
| 690 | _aPROPERTY-COMMERCIAL PROPERTY | ||
| 942 | _n0 | ||
| 948 | _c05/08/1997 | ||
| 999 |
_c50411 _d50411 |
||